[Event "RLEV #5b"]
[Site "SchemingMind.com"]
[Date "2010.02.09"]
[Round "-"]
[White "cnile"]
[Black "Darnell"]
[Result "1-0"]
[WhiteCountry "SCO"]
[BlackCountry "CAN"]
[WhiteElo "1431"]
[WhiteRD "83"]
[BlackElo "1330"]
[BlackRD "65"]
[GameID "238337"]

1. e4 e5 2. Nf3 Nc6 3. Bb5 a6 4. Bxc6 dxc6 5. O-O f6 6. d4 exd4 7. Nxd4 Bc5 8. Nb3 Bd6 9. Re1 Ne7 10. Nc3 Be6
11. Be3
1-0

[Event "RLEV #5b"]
[Site "SchemingMind.com"]
[Date "2010.02.25"]
[Round "-"]
[White "Shanks"]
[Black "cnile"]
[Result "0-1"]
[WhiteCountry "ENG"]
[BlackCountry "SCO"]
[WhiteElo "1392"]
[WhiteRD "65"]
[BlackElo "1499"]
[BlackRD "76"]
[GameID "239603"]

1. e4 e5 2. Nf3 Nc6 3. Bb5 a6 4. Bxc6 dxc6 5. O-O f6 6. h3 Bd6 7. c3 c5 8. d3 Ne7 9. Nbd2 Bd7 10. Nc4 Bc6
11. Nxd6+ cxd6 12. c4 O-O 13. a3 b5 14. cxb5 axb5 15. b3 Ng6 16. Bb2 Qd7 17. b4 cxb4 18. axb4 Nf4 19. Qb3+ Kh8 20. Rxa8 Rxa8
21. Nd2 Qe8 22. f3 Qg6 23. Kf2 Qxg2+ 24. Ke1 Qe2#
0-1

[Event "RLEV #5b"]
[Site "SchemingMind.com"]
[Date "2010.02.23"]
[Round "-"]
[White "cnile"]
[Black "Shanks"]
[Result "1-0"]
[WhiteCountry "SCO"]
[BlackCountry "ENG"]
[WhiteElo "1424"]
[WhiteRD "63"]
[BlackElo "1250"]
[BlackRD "76"]
[GameID "239605"]

1. e4 e5 2. Nf3 Nc6 3. Bb5 a6 4. Bxc6 dxc6 5. O-O f6 6. d4 Ne7 7. dxe5 fxe5 8. Nxe5 Qxd1 9. Rxd1 g6 10. Bg5 Bg7
11. Nd3 h6 12. Bf4 Bg4 13. f3 Bd7 14. Nd2 Bd4+ 15. Kh1 Bb6 16. Nb3 g5 17. Bg3 O-O-O 18. Ndc5 Bxc5 19. Nxc5 Rhg8 20. Rd3 Be8
21. Rad1 Rxd3 22. Rxd3 g4 23. Ne6 Bd7 24. Nxc7 gxf3 25. Rxf3 Bg4 26. Rf7 Rd8 27. h3 Rd1+ 28. Kh2 Bd7 29. Na8 b5 30. Rxe7 Kb7
31. Nc7 a5 32. Ne6 b4 33. Nc5+ Kc8 34. Rxd7 Rxd7 35. Nxd7 Kxd7 36. Bf4 h5 37. Kg3 c5 38. Kf3 Kc6 39. g4 hxg4+ 40. hxg4 Kb5
41. g5 a4 42. g6 b3 43. axb3 axb3 44. c3 c4 45. g7
1-0

[Event "RLEV #5b"]
[Site "SchemingMind.com"]
[Date "2010.02.28"]
[Round "-"]
[White "echecs"]
[Black "cnile"]
[Result "1-0"]
[WhiteCountry "ENG"]
[BlackCountry "SCO"]
[WhiteElo "1818"]
[WhiteRD "58"]
[BlackElo "1499"]
[BlackRD "76"]
[GameID "239859"]

1. e4 e5 2. Nf3 Nc6 3. Bb5 a6 4. Bxc6 dxc6 5. O-O Bd6 6. d3 Ne7 7. Ng5 Ng6 8. Qh5 h6 9. Nf3 Be6 10. Nc3 Nf4
11. Bxf4 exf4 12. a3 Qd7 13. Rad1 Bg4 14. Qh4 Bxf3 15. gxf3 O-O 16. d4 Rad8 17. e5 Be7 18. Qxf4 Bg5 19. Qg4 Qxg4+ 20. fxg4 Rfe8
21. f4 Be7 22. h3 b5 23. Ne4 Kh7 24. c3 Bf8 25. Nd2 c5 26. Nb3 c4 27. Na5 Rb8 28. Nc6 Rb6 29. Nb4 a5 30. Nd5 Rb7
31. f5 c6 32. Ne3 f6 33. e6 Bd6 34. Rf2 Reb8 35. Nc2 Kg8 36. Re2 Re7 37. d5 cxd5 38. Rxd5 Bf4 39. Rd7 Rxd7 40. exd7 Kh7
41. Re8 g5 42. fxg6+ Kg7 43. Rxb8 Bxb8 44. d8=Q
1-0

[Event "RLEV #5b"]
[Site "SchemingMind.com"]
[Date "2010.02.28"]
[Round "-"]
[White "echecs"]
[Black "Shanks"]
[Result "1-0"]
[WhiteCountry "ENG"]
[BlackCountry "ENG"]
[WhiteElo "1818"]
[WhiteRD "58"]
[BlackElo "1392"]
[BlackRD "65"]
[GameID "239860"]

1. e4 e5 2. Nf3 Nc6 3. Bb5 a6 4. Bxc6 dxc6 5. O-O f6 6. d3 Ne7 7. Nc3 Be6 8. b3 Qd7 9. Nd2 O-O-O 10. a4 Ng6
11. Ba3 h5 12. b4 h4 13. b5 Bxa3 14. Rxa3 axb5 15. axb5 Kb8 16. Qa1
1-0

[Event "RLEV #5b"]
[Site "SchemingMind.com"]
[Date "2010.02.23"]
[Round "-"]
[White "cnile"]
[Black "echecs"]
[Result "1/2-1/2"]
[WhiteCountry "SCO"]
[BlackCountry "ENG"]
[WhiteElo "1499"]
[WhiteRD "76"]
[BlackElo "1818"]
[BlackRD "58"]
[GameID "239862"]

1. e4 e5 2. Nf3 Nc6 3. Bb5 a6 4. Bxc6 dxc6 5. O-O Bg4 6. h3 h5 7. Nc3 Qf6 8. d3 Bxf3 9. Qxf3 O-O-O 10. Qxf6 gxf6
11. Be3 Ne7 12. a3 Bh6 13. Rfe1 Rdg8 14. Rad1 Ng6 15. d4 Nh4 16. g3 Nf3+ 17. Kg2 Nxe1+ 18. Rxe1 Bxe3 19. fxe3 h4 20. g4 Rd8
21. d5 cxd5 22. Nxd5 Rd6 23. Rf1 Rh6 24. Ne7+ Kd7 25. Nf5 Rd2+ 26. Kf3 Rh8 27. Rc1 Rh2 28. Rd1+ Ke6 29. Ng7+ Ke7 30. Nf5+ Ke6
31. Ng7+ Ke7 32. Nf5+ Ke8 33. Ng7+ Kf8 34. Nf5 Ke8 35. Ng7+ Ke7=
1/2-1/2

[Event "RLEV #5b"]
[Site "SchemingMind.com"]
[Date "2010.02.25"]
[Round "-"]
[White "Shanks"]
[Black "echecs"]
[Result "0-1"]
[WhiteCountry "ENG"]
[BlackCountry "ENG"]
[WhiteElo "1320"]
[WhiteRD "65"]
[BlackElo "1838"]
[BlackRD "59"]
[GameID "239863"]

1. e4 e5 2. Nf3 Nc6 3. Bb5 a6 4. Bxc6 dxc6 5. O-O Bg4 6. c3 Nf6 7. Qc2 Bxf3 8. gxf3 Nh5 9. d3 Qh4 10. Kh1 Qh3
11. Qe2 O-O-O 12. Rg1 f6 13. f4 exf4 14. Qg4+ Qxg4 15. Rxg4 g5 16. Nd2 Rxd3 17. Nf1 Rd1 18. Kg2 Bc5 19. b4 Bd6 20. Bb2 Rxa1
21. Bxa1 c5 22. bxc5 Bxc5 23. f3 Rd8 24. a4 h6 25. a5 Rd1 26. Bb2 Rb1 27. c4 Rxb2+ 28. Kh1 Rf2 29. Kg1 Rxf3+ 30. Kg2 Rf2+
31. Kh1 Rxf1+ 32. Kg2 Rg1+ 33. Kf3 Rxg4 34. Ke2 Rg2+
0-1

[Event "RLEV #5b"]
[Site "SchemingMind.com"]
[Date "2010.03.12"]
[Round "-"]
[White "cnbcad"]
[Black "cnile"]
[Result "1-0"]
[WhiteCountry "USA"]
[BlackCountry "SCO"]
[WhiteElo "1698"]
[WhiteRD "58"]
[BlackElo "1424"]
[BlackRD "63"]
[GameID "241737"]

1. e4 e5 2. Nf3 Nc6 3. Bb5 a6 4. Bxc6 dxc6 5. O-O Bd6 6. d4 exd4 7. e5 Bc5 8. Bg5 Be7 9. Bxe7 Nxe7 10. Nxd4 O-O
11. c3 c5 12. Nf3 Bg4 13. Nbd2 Qd3 14. Qa4 b5 15. Qxg4 Ng6 16. Rad1 Rad8 17. Ng5 Nxe5 18. Qh4 h6 19. Nge4 Rd5 20. Qg3 Qxg3
21. fxg3 Rfd8 22. b3 c4 23. b4 Ng4 24. h3 Ne3 25. Rde1 Nxf1 26. Nxf1 Rd1 27. Re2 R1d3 28. g4 Kh7 29. Kh2 Kg6 30. h4 Kh7
31. g5 hxg5 32. Nxg5+ Kg6 33. Rf2 f6 34. Ne6 R8d6 35. Nf4+ Kf7 36. Nxd3 Rxd3 37. Ng3 Rxc3 38. Ne4 Rd3 39. Nc5 Rd6 40. Kg3 Kg6
41. Ne4 Rd3+ 42. Kg4
1-0

[Event "RLEV #5b"]
[Site "SchemingMind.com"]
[Date "2010.03.12"]
[Round "-"]
[White "cnbcad"]
[Black "echecs"]
[Result "0-1"]
[WhiteCountry "USA"]
[BlackCountry "ENG"]
[WhiteElo "1770"]
[WhiteRD "61"]
[BlackElo "1847"]
[BlackRD "62"]
[GameID "241738"]

1. e4 e5 2. Nf3 Nc6 3. Bb5 a6 4. Bxc6 dxc6 5. O-O f6 6. d4 Bg4 7. Nbd2 exd4 8. h3 Bh5 9. c3 dxc3 10. bxc3 Bd6
11. Qb3 b6 12. Ba3 Ne7 13. Bxd6 Qxd6 14. a4 Bf7 15. Qb2 O-O 16. Qc2 Rae8 17. e5 fxe5 18. Ng5 Bg6 19. Qb3+ Kh8 20. Nde4 Qd3
21. Rad1 Qe2 22. Rde1 Qh5 23. Re3 Nd5 24. Rd3 h6 25. h4 Nf4 26. Ng3 Qg4 27. Re3 hxg5 28. hxg5 Qxg5 29. Qa2 Bf7 30. Qd2 Bd5
31. c4 Bxc4 32. Rfe1 Bd5 33. Rc3 Nh3+
0-1

[Event "RLEV #5b"]
[Site "SchemingMind.com"]
[Date "2010.03.16"]
[Round "-"]
[White "cnbcad"]
[Black "Shanks"]
[Result "0-1"]
[WhiteCountry "USA"]
[BlackCountry "ENG"]
[WhiteElo "1477"]
[WhiteRD "59"]
[BlackElo "1390"]
[BlackRD "72"]
[GameID "241739"]

1. e4 e5 2. Nf3 Nc6 3. Bb5 a6 4. Bxc6 bxc6 5. O-O d6 6. d4 Nf6 7. dxe5 Nxe4 8. Re1 d5 9. c4 Nc5 10. b4 Ne6
11. c5 Bb7 12. a4 h6 13. Nc3 Be7 14. Bb2 O-O 15. Nd4 Nxd4 16. Qxd4 a5 17. b5 cxb5 18. axb5 c6 19. e6 fxe6 20. Nxd5 Rf7
21. Nxe7+ Qxe7 22. b6 Rd8 23. Qe5 Rd5 24. Qe3 Rxc5 25. Ba3 Bc8 26. Bxc5 Qe8 27. Rxa5 Rf6 28. Ra8 Qd7 29. Rb8 Kf7 30. Qb3 g5
31. Rxc8 Qxc8 32. b7 Qb8 33. Bd6 Qxd6 34. b8=Q Qc5 35. Qc7+ Qe7 36. Qxe7+ Kxe7 37. Qb7+ Kd6 38. Rd1+ Ke5 39. Qb2+ Kf5 40. g4+ Kxg4
41. Qxf6 c5
0-1

[Event "RLEV #5b"]
[Site "SchemingMind.com"]
[Date "2010.03.12"]
[Round "-"]
[White "cnile"]
[Black "cnbcad"]
[Result "1-0"]
[WhiteCountry "SCO"]
[BlackCountry "USA"]
[WhiteElo "1433"]
[WhiteRD "69"]
[BlackElo "1599"]
[BlackRD "60"]
[GameID "241741"]

1. e4 e5 2. Nf3 Nc6 3. Bb5 a6 4. Bxc6 dxc6 5. O-O Bg4 6. h3 Bxf3 7. Qxf3 Qf6 8. Qxf6 gxf6 9. d3 O-O-O 10. Nc3 h5
11. Be3 Ne7 12. Rad1 f5 13. f3 f4 14. Bf2 h4 15. d4 f5 16. d5 fxe4 17. Nxe4 cxd5 18. Ng5 Re8 19. Nf7 Rh7 20. Nxe5 c6
21. Ng4 Nf5 22. Nf6 Ree7 23. Nxh7 Rxh7 24. Rfe1 Be7 25. Re5 Ng3 26. Rde1 Kd7 27. Bd4 Bf6 28. Rxd5+ cxd5 29. Bxf6 Rh6 30. Bg5 Rc6
31. c3 b5 32. Bxf4 Rc4 33. Re5 Rxf4 34. Rxd5+ Kc6 35. Rg5 a5 36. Rg6+ Kc5 37. Rg5+ Kc4 38. Kf2 Ne4+ 39. Ke3 Nxg5 40. Kxf4 Ne6+
41. Kg4 Nc5 42. Kxh4 Nd3 43. g4 Nxb2 44. f4 b4 45. cxb4 axb4 46. f5 Nd3 47. g5 Kc3 48. g6 Nc1 49. g7 Nxa2 50. g8=Q b3
51. Qg7+ Kc2 52. Qg2+ Kb1 53. Qf1+ Nc1 54. f6 b2 55. Qb5 Ka1 56. Qxb2+
1-0

[Event "RLEV #5b"]
[Site "SchemingMind.com"]
[Date "2010.03.13"]
[Round "-"]
[White "echecs"]
[Black "cnbcad"]
[Result "1-0"]
[WhiteCountry "ENG"]
[BlackCountry "USA"]
[WhiteElo "1809"]
[WhiteRD "62"]
[BlackElo "1697"]
[BlackRD "60"]
[GameID "241742"]

1. e4 e5 2. Nf3 Nc6 3. Bb5 a6 4. Bxc6 dxc6 5. O-O Bg4 6. d3 Bxf3 7. Qxf3 Qf6 8. Qg3 Be7 9. Nd2 O-O-O 10. Nf3 h5
11. Bg5 Qg6 12. Nxe5 Qxg5 13. Qh3+ f5 14. Nf7 Qf6 15. Nxh8 g6 16. exf5 Qxh8 17. f6+ Kb8 18. fxe7 Nxe7 19. b3 Nf5 20. a4 Nd4
21. Ra2 Ne2+ 22. Kh1 Qf6 23. Qe3 Nc3 24. Raa1 Nd5 25. Qd2 h4 26. h3 Nf4 27. Kh2 Qd6 28. g3 Nh5 29. Qg5 hxg3+ 30. fxg3 Re8
31. Rae1 Rh8 32. Re4 Ng7 33. Rf6 Qd7 34. Qg4 Qd5 35. Qxg6 Qc5 36. Rc4 Qe5 37. Re4 Qc3 38. Re2 Qc5 39. g4 Rg8 40. Qf7 Rc8
41. Qxg7 Ka7 42. Rfe6 Rf8 43. d4 Qa3 44. Qe7 Qxe7 45. Rxe7 Kb6 46. R7e5 Rf4 47. c3
1-0

[Event "RLEV #5b"]
[Site "SchemingMind.com"]
[Date "2010.03.16"]
[Round "-"]
[White "Shanks"]
[Black "cnbcad"]
[Result "1-0"]
[WhiteCountry "ENG"]
[BlackCountry "USA"]
[WhiteElo "1390"]
[WhiteRD "72"]
[BlackElo "1477"]
[BlackRD "59"]
[GameID "241743"]

1. e4 e5 2. Nf3 Nc6 3. Bb5 a6 4. Bxc6 dxc6 5. O-O Bg4 6. d3 Bxf3 7. Qxf3 Qf6 8. Qxf6 gxf6 9. a3 O-O-O 10. Nd2 Ne7
11. Nc4 h5 12. Be3 b5 13. Na5 Bh6 14. Bc5 Ng6 15. Nxc6 Rdg8 16. b4 Nf4 17. Ne7+ Kd7 18. Nxg8 Rxg8 19. g3 h4 20. d4 Ne2+
21. Kh1 exd4 22. f4 hxg3 23. Kg2 Nxf4+ 24. Kf3 g2 25. Rfd1 Nh3 26. Rxd4+ Kc8 27. Rdd1 Bf4 28. a4 Bxh2 29. axb5 g1=Q 30. Rxg1 Bxg1
31. bxa6 Bxc5 32. bxc5 Kb8 33. a7+= Ka8 34. c4 Ng5+ 35. Ke3 Re8 36. Kd3 Nxe4 37. c6 Nc5+ 38. Kc3 Ne4+ 39. Kd3 Nd6 40. c5 Nc8
41. Kc4 Nxa7 42. Kd4 Kb8 43. Rb1+ Kc8 44. Ra1
1-0

[Event "RLEV #5b"]
[Site "SchemingMind.com"]
[Date "2010.03.19"]
[Round "-"]
[White "wom_bat"]
[Black "cnbcad"]
[Result "1-0"]
[WhiteCountry "GER"]
[BlackCountry "USA"]
[WhiteElo "1674"]
[WhiteRD "77"]
[BlackElo "1477"]
[BlackRD "59"]
[GameID "242341"]

1. e4 e5 2. Nf3 Nc6 3. Bb5 a6 4. Bxc6 dxc6 5. Nxe5 Qd4 6. Nf3 Qxe4+ 7. Qe2 Qxe2+ 8. Kxe2 Bg4 9. Re1 O-O-O 10. d3 Bxf3+
11. Kxf3 Bd6 12. g3 f6 13. Bd2 Be5 14. Nc3= Nh6 15. Bf4 Bxf4 16. Kxf4 Rd4+ 17. Re4 g5+ 18. Ke3 Nf5+ 19. Kf3 Rdd8 20. Ne2 Ng7
21. Re7 Nf5 22. Re6 Rhf8 23. Kg2 h5 24. Re1 Ng7 25. Re7 Nf5 26. Re4 h4 27. Kh3 b5 28. a4 hxg3 29. Nxg3 Rh8+ 30. Kg4 Nd6
31. Re6 Rh4+ 32. Kf3 Rf4+ 33. Kg2 Rxa4 34. Rxf6 Rh8 35. Ne4 Nxe4 36. Rxe4 Ra2 37. Rxc6 Kb7 38. Ree6 Rxb2 39. c4 Rf8 40. Rxa6 Rfxf2+
41. Kg3 Rg2+ 42. Kf3 Rbf2+ 43. Ke4 Re2+ 44. Kf3 g4+ 45. Kf4 Ref2+ 46. Ke3 Rxh2 47. Rg6 Rf3+ 48. Ke4 Re2+ 49. Kd4
1-0

[Event "RLEV #5b"]
[Site "SchemingMind.com"]
[Date "2010.03.18"]
[Round "-"]
[White "wom_bat"]
[Black "cnile"]
[Result "0-1"]
[WhiteCountry "GER"]
[BlackCountry "SCO"]
[WhiteElo "1632"]
[WhiteRD "87"]
[BlackElo "1482"]
[BlackRD "64"]
[GameID "242342"]

1. e4 e5 2. Nf3 Nc6 3. Bb5 a6 4. Bxc6 dxc6 5. Nxe5 Qd4 6. Nf3 Qxe4+ 7. Qe2 Qxe2+ 8. Kxe2 Bg4 9. d3 O-O-O 10. Re1 Bc5
11. Be3 Re8 12. Kf1 Bxe3 13. Rxe3 Nf6 14. Nbd2 Nd5 15. Re4 Rxe4 16. dxe4 Nb4 17. Ne5 Be6 18. a3 Nxc2 19. Rc1 Nd4 20. f4 Rd8
21. f5 Bb3 22. Nxb3 Nxb3 23. Rc3 Nd2+ 24. Ke2 Nxe4 25. Rd3 f6 26. Nf3 Rxd3 27. Kxd3 Nd6 28. g4 Kd7 29. Kd4 b6 30. h4 Nb5+
31. Ke4 Kd6 32. g5 fxg5 33. hxg5 Ke7 34. Ne5 Nd6+ 35. Kf4 c5 36. Nc6+ Kf8 37. Ne5 h5 38. gxh6 gxh6 39. f6 a5 40. Kg4 Nf7
41. Kf5 Nxe5 42. Kxe5 Kf7 43. Kf5 c6 44. Ke5 h5
0-1

[Event "RLEV #5b"]
[Site "SchemingMind.com"]
[Date "2010.03.18"]
[Round "-"]
[White "wom_bat"]
[Black "echecs"]
[Result "0-1"]
[WhiteCountry "GER"]
[BlackCountry "ENG"]
[WhiteElo "1627"]
[WhiteRD "91"]
[BlackElo "1818"]
[BlackRD "58"]
[GameID "242343"]

1. e4 e5 2. Nf3 Nc6 3. Bb5 a6 4. Bxc6 dxc6 5. O-O Bd6 6. d4 exd4 7. Qxd4 f6 8. Nc3 Bg4 9. Be3 Bxf3 10. gxf3 Ne7
11. Rad1 O-O 12. Qc4+ Kh8 13. f4 Qc8 14. Ne2 Ng6 15. Ng3 Bxf4 16. Bc5 Re8 17. Nf5 Ne5 18. Qb3 g6 19. Nh4 Qg4+ 20. Ng2 Nf3+
21. Kh1 Qh3
0-1

[Event "RLEV #5b"]
[Site "SchemingMind.com"]
[Date "2010.03.19"]
[Round "-"]
[White "wom_bat"]
[Black "Shanks"]
[Result "1-0"]
[WhiteCountry "GER"]
[BlackCountry "ENG"]
[WhiteElo "1636"]
[WhiteRD "80"]
[BlackElo "1250"]
[BlackRD "76"]
[GameID "242344"]

1. e4 e5 2. Nf3 Nc6 3. Bb5 a6 4. Bxc6 dxc6 5. Nc3 Bd6 6. O-O Qe7 7. d3 h6 8. Be3 Nf6 9. Re1 Bd7 10. Ne2 O-O
11. c3 c5 12. Qd2 Ng4 13. Ng3 Nxe3 14. Qxe3 Bg4 15. Nf5 Bxf5 16. exf5 f6 17. Nh4 Qd7 18. Ng6 Rfe8 19. Rad1 Qxf5 20. Nh4 Qe6
21. Qe4 c6 22. Qg6 b5 23. Nf5 Bf8 24. Nxh6+ Kh8 25. Nf5 c4 26. Re3 Qxf5 27. Qxf5 Kg8 28. Rg3 Kf7 29. Qd7+ Kg8 30. Qxc6 cxd3
31. Qxf6 Re7 32. Rdxd3
1-0

[Event "RLEV #5b"]
[Site "SchemingMind.com"]
[Date "2010.03.18"]
[Round "-"]
[White "cnbcad"]
[Black "wom_bat"]
[Result "1-0"]
[WhiteCountry "USA"]
[BlackCountry "GER"]
[WhiteElo "1698"]
[WhiteRD "58"]
[BlackElo "1636"]
[BlackRD "80"]
[GameID "242346"]

1. e4 e5 2. Nf3 Nc6 3. Bb5 a6 4. Bxc6 bxc6 5. O-O Nf6 6. Nxe5 Nxe4 7. Re1 d5 8. Nxc6 Qd6 9. Nd4 Be7 10. d3 Nxf2
11. Kxf2 Qf6+ 12. Nf3 Bg4 13. Nd2 O-O 14. Kg1 Bc5+ 15. d4 Bxd4+ 16. Kh1 Bxb2 17. Bxb2 Qxb2 18. Rb1 Qxa2 19. Rb4 Bxf3 20. Nxf3 c5
21. Rh4 Rfd8 22. Qd3 g6 23. Ng5 h5 24. Qg3 Qxc2 25. Rxh5 Qf5 26. h3 f6 27. Rh7 fxg5 28. Qc7
1-0

[Event "RLEV #5b"]
[Site "SchemingMind.com"]
[Date "2010.03.17"]
[Round "-"]
[White "cnile"]
[Black "wom_bat"]
[Result "0-1"]
[WhiteCountry "SCO"]
[BlackCountry "GER"]
[WhiteElo "1482"]
[WhiteRD "64"]
[BlackElo "1632"]
[BlackRD "87"]
[GameID "242347"]

1. e4 e5 2. Nf3 Nc6 3. Bb5 a6 4. Bxc6 dxc6 5. O-O Bg4 6. h3 Bh5 7. g4 Bg6 8. d3 Bc5 9. Nxe5 Qh4 10. Qf3 Nf6
11. Be3 Bd6 12. Nd2 Bxe5 13. c3 O-O-O 14. Nc4 h5 15. Nxe5 hxg4 16. Nxg4 Nxg4 17. Kg2 Rxd3 18. Qxg4+ Qxg4+ 19. hxg4 Bxe4+ 20. Kg3 Rh6
21. g5 Rg6 22. Kf4 Re6 23. Rae1 Rd5 24. Rg1 Rf5+ 25. Kg4 Rfe5 26. Kh4 g6 27. b4 Bf3 28. c4 f5 29. Kg3 Bg4 30. Rh1 Re4
31. Rh8+ Kd7 32. Rh7+ Re7 33. Rxe7+ Rxe7 34. Rc1 Re4 35. a4 b5 36. axb5 cxb5 37. Rd1+ Kc6 38. cxb5+ Kxb5 39. Rd7 f4+ 40. Bxf4 Bxd7
0-1

[Event "RLEV #5b"]
[Site "SchemingMind.com"]
[Date "2010.03.17"]
[Round "-"]
[White "echecs"]
[Black "wom_bat"]
[Result "1-0"]
[WhiteCountry "ENG"]
[BlackCountry "GER"]
[WhiteElo "1818"]
[WhiteRD "58"]
[BlackElo "1627"]
[BlackRD "91"]
[GameID "242348"]

1. e4 e5 2. Nf3 Nc6 3. Bb5 a6 4. Bxc6 bxc6 5. O-O d6 6. d3 Bg4 7. Be3 Nf6 8. Nbd2 Be7 9. c4 d5 10. Qa4 Qd6
11. cxd5 Bxf3 12. Nxf3 O-O 13. Qxc6 Qxc6 14. dxc6 Rfd8 15. Nxe5 Rab8 16. b3 Rxd3 17. Nxd3
1-0

[Event "RLEV #5b"]
[Site "SchemingMind.com"]
[Date "2010.03.18"]
[Round "-"]
[White "Shanks"]
[Black "wom_bat"]
[Result "0-1"]
[WhiteCountry "ENG"]
[BlackCountry "GER"]
[WhiteElo "1320"]
[WhiteRD "65"]
[BlackElo "1672"]
[BlackRD "91"]
[GameID "242349"]

1. e4 e5 2. Nf3 Nc6 3. Bb5 a6 4. Bxc6 dxc6 5. d3 Bg4 6. Nbd2 Nf6 7. O-O Bc5 8. Qe1 O-O 9. a3 Re8 10. b3 Bd4
11. Rb1 b5 12. b4 c5 13. bxc5 Bxc5 14. Rb3 Nh5 15. h3 Be6 16. Rb1 Nf4 17. Nxe5 Nxh3+ 18. gxh3 Qg5+ 19. Ng4 h5 20. Nf3 Qg6
21. Nh4 Qh7 22. Nh2 Bxh3 23. Ng2 Qg6
0-1

[Event "RLEV #5b"]
[Site "SchemingMind.com"]
[Date "2010.03.25"]
[Round "-"]
[White "Roger Martindale"]
[Black "cnbcad"]
[Result "0-1"]
[WhiteCountry "USA"]
[BlackCountry "USA"]
[WhiteElo "1419"]
[WhiteRD "87"]
[BlackElo "1762"]
[BlackRD "60"]
[GameID "243013"]

1. e4 e5 2. Nf3 Nc6 3. Bb5 a6 4. Bxc6 dxc6 5. h3 Bd6 6. c4 Be6 7. d3 Qd7 8. g4 O-O-O 9. Be3 Bb4+ 10. Bd2 Qxd3
11. Nc3 Bxc3 12. Bxc3 Qxe4+ 13. Qe2 Qxe2+ 14. Kxe2 Bxc4+ 15. Ke3 Bd5 16. Bxe5 Re8 17. Kf4 Bxf3 18. Rhe1 f6 19. Kxf3 Rxe5 20. Rxe5 fxe5
21. Re1 Nf6 22. Rxe5 Rd8 23. Kf4 b6 24. Re6 Rd6 25. Re7 Nd5+
0-1

[Event "RLEV #5b"]
[Site "SchemingMind.com"]
[Date "2010.03.25"]
[Round "-"]
[White "Roger Martindale"]
[Black "wom_bat"]
[Result "0-1"]
[WhiteCountry "USA"]
[BlackCountry "GER"]
[WhiteElo "1448"]
[WhiteRD "86"]
[BlackElo "1627"]
[BlackRD "91"]
[GameID "243014"]

1. e4 e5 2. Nf3 Nc6 3. Bb5 a6 4. Bxc6 bxc6 5. a3 d6 6. h3 Nf6 7. d3 Be7 8. Be3 O-O 9. c4 Be6 10. Nc3 Nd7
11. b4 f5 12. exf5 Bxf5 13. g4 Be6 14. h4 Bxg4 15. Qd2 Rxf3 16. Bg5 Bf5 17. Ne4 d5 18. Bxe7 Qxe7 19. Ng5 Rxd3 20. Qc2 Re3+
0-1

[Event "RLEV #5b"]
[Site "SchemingMind.com"]
[Date "2010.03.25"]
[Round "-"]
[White "Roger Martindale"]
[Black "cnile"]
[Result "0-1"]
[WhiteCountry "USA"]
[BlackCountry "SCO"]
[WhiteElo "1448"]
[WhiteRD "86"]
[BlackElo "1499"]
[BlackRD "76"]
[GameID "243015"]

1. e4 e5 2. Nf3 Nc6 3. Bb5 a6 4. Bxc6 dxc6 5. h3 f6 6. a3 Bc5 7. Nc3 Ne7 8. d3 Be6 9. Qe2 O-O 10. Be3 Bxe3
11. Qxe3 Qd7 12. O-O-O b5 13. b4 Nc8 14. d4 exd4 15. Nxd4 Qe8 16. Nxe6 Qxe6 17. Kb2 Nb6 18. f3 Nc4+
0-1

[Event "RLEV #5b"]
[Site "SchemingMind.com"]
[Date "2010.03.25"]
[Round "-"]
[White "Roger Martindale"]
[Black "echecs"]
[Result "0-1"]
[WhiteCountry "USA"]
[BlackCountry "ENG"]
[WhiteElo "1548"]
[WhiteRD "101"]
[BlackElo "1812"]
[BlackRD "65"]
[GameID "243016"]

1. e4 e5 2. Nf3 Nc6 3. Bb5 a6 4. Bxc6 dxc6 5. h3 Bd6 6. c4 c5 7. d3 Ne7 8. Nc3 O-O 9. Be3 c6 10. a3 b5
11. b3 Be6 12. Qd2 Ng6 13. a4 Nh4 14. Nxh4 Qxh4 15. O-O-O Rfb8 16. Qe2 bxa4 17. bxa4 Rb3 18. Kc2 Rab8 19. Rb1 R3b4 20. Qe1 h6
21. f3 Qd8 22. Qg3 Kf8 23. h4 R8b7 24. Rxb4 cxb4 25. Rb1 Qb8 26. Qf2 bxc3 27. Rxb7 Qxb7 28. c5 Qb3+ 29. Kc1 Bc7 30. Bd2 c2
31. Bc3 Qb1+ 32. Kd2 c1=Q+
0-1

[Event "RLEV #5b"]
[Site "SchemingMind.com"]
[Date "2010.03.25"]
[Round "-"]
[White "Roger Martindale"]
[Black "Shanks"]
[Result "1/2-1/2"]
[WhiteCountry "USA"]
[BlackCountry "ENG"]
[WhiteElo "1448"]
[WhiteRD "86"]
[BlackElo "1392"]
[BlackRD "65"]
[GameID "243017"]

1. e4 e5 2. Nf3 Nc6 3. Bb5 a6 4. Bxc6 bxc6 5. a3 d6 6. h3 Bb7 7. c4 Nf6 8. Nc3 Be7 9. O-O h6 10. d3 O-O
11. b4 Nd7 12. Be3 Nf6 13. Nh4 a5 14. Nf5 axb4 15. Nxe7+ Qxe7 16. axb4 Rxa1 17. Qxa1 Ra8 18. Qb2 d5 19. cxd5 cxd5 20. Ra1 Rxa1+
21. Qxa1 d4 22. Qa7 dxc3 23. Qxb7 c2 24. Qc6 Qxb4 25. Qxc2 Ne8=
1/2-1/2

[Event "RLEV #5b"]
[Site "SchemingMind.com"]
[Date "2010.03.25"]
[Round "-"]
[White "cnbcad"]
[Black "Roger Martindale"]
[Result "1-0"]
[WhiteCountry "USA"]
[BlackCountry "USA"]
[WhiteElo "1680"]
[WhiteRD "63"]
[BlackElo "1448"]
[BlackRD "86"]
[GameID "243019"]

1. e4 e5 2. Nf3 Nc6 3. Bb5 a6 4. Bxc6 bxc6 5. O-O Nf6 6. d4 d6 7. dxe5 Nxe4 8. Re1 d5 9. Nc3 Nxc3 10. bxc3 h6
11. Nd4 Bb7 12. e6 fxe6 13. Rxe6+ Be7 14. Qh5+ Kd7 15. Qf5 Ke8 16. Ba3 Bc8 17. Nxc6 Rf8 18. Qg6+ Rf7 19. Rxe7+
1-0

[Event "RLEV #5b"]
[Site "SchemingMind.com"]
[Date "2010.03.26"]
[Round "-"]
[White "wom_bat"]
[Black "Roger Martindale"]
[Result "1-0"]
[WhiteCountry "GER"]
[BlackCountry "USA"]
[WhiteElo "1627"]
[WhiteRD "91"]
[BlackElo "1448"]
[BlackRD "86"]
[GameID "243020"]

1. e4 e5 2. Nf3 Nc6 3. Bb5 a6 4. Bxc6 bxc6 5. Nc3 Nf6 6. Nxe5 Bc5 7. O-O Bb7 8. d3 h6 9. Bf4 d6 10. Nc4 a5
11. Qf3 Bd4 12. Ne2 c5 13. c3 Be5 14. Nxe5 dxe5 15. Bxe5 Ba6 16. Rad1 Qd7 17. Bxf6 gxf6 18. Qxf6 Rh7 19. Qe5+ Qe7 20. Qd5 Rd8
21. Qc6+
1-0

[Event "RLEV #5b"]
[Site "SchemingMind.com"]
[Date "2010.03.26"]
[Round "-"]
[White "cnile"]
[Black "Roger Martindale"]
[Result "1-0"]
[WhiteCountry "SCO"]
[BlackCountry "USA"]
[WhiteElo "1492"]
[WhiteRD "70"]
[BlackElo "1419"]
[BlackRD "87"]
[GameID "243021"]

1. e4 e5 2. Nf3 Nc6 3. Bb5 a6 4. Bxc6 bxc6 5. Nxe5 Nf6 6. Qf3 Bc5 7. O-O h6 8. Nc3 O-O 9. a3 Bb7 10. d3 d6
11. Ng4 Nxg4 12. Qxg4 Bc8 13. Qg3 Be6 14. Bxh6 Qf6 15. Bg5 Qg6 16. Rab1 f6 17. Bf4 Qxg3 18. Bxg3 g5 19. Kh1 Bd4 20. Ne2 Be5
21. Bxe5 dxe5 22. b4 f5 23. exf5 Rxf5 24. Ng3 Rf4 25. Ne2 Rf6 26. Nc3 Rf4 27. Ne4 Bd5 28. Nxg5 Rg4 29. Ne4 Bxe4 30. dxe4 Rxe4
31. Rfe1 Rxe1+ 32. Rxe1 Re8 33. g3 Kg7 34. Kg2 e4 35. Re3 Kf6 36. h4 Kf5 37. Kh3 Re5 38. g4+ Kf4 39. h5 c5 40. c3 cxb4
41. axb4 Rb5 42. h6 Rb8 43. Kh4 Rh8 44. g5 c6 45. Kh5 Rg8 46. g6 Rh8 47. g7 Rg8 48. Kg6 Re8 49. h7
1-0

[Event "RLEV #5b"]
[Site "SchemingMind.com"]
[Date "2010.03.26"]
[Round "-"]
[White "echecs"]
[Black "Roger Martindale"]
[Result "1-0"]
[WhiteCountry "ENG"]
[BlackCountry "USA"]
[WhiteElo "1812"]
[WhiteRD "65"]
[BlackElo "1548"]
[BlackRD "101"]
[GameID "243022"]

1. e4 e5 2. Nf3 Nc6 3. Bb5 a6 4. Bxc6 bxc6 5. Nxe5 Qe7 6. d4 Nf6 7. O-O Nxe4 8. Re1 Nf6 9. Ng6 hxg6 10. Rxe7+ Bxe7
11. Bf4 d6 12. Nd2 c5 13. dxc5 Ra7 14. cxd6 cxd6 15. c3 d5 16. Qa4+ Bd7 17. Qd4 Rc7 18. Bxc7 O-O 19. Nf3 Bc6 20. b4 Ne4
21. Ne5 Ba4 22. Qxd5 Nxc3 23. Qc4 Nb5 24. Nxg6 Na3 25. Nxe7+ Kh7 26. Qh4#
1-0